<?xml version="1.0" encoding="UTF-8"?>
<record
    xmlns:xsi="http://www.w3.org/2001/XMLSchema-instance"
    xsi:schemaLocation="http://www.loc.gov/MARC21/slim http://www.loc.gov/standards/marcxml/schema/MARC21slim.xsd"
    xmlns="http://www.loc.gov/MARC21/slim">

  <leader>01269nam a2200217 i 4500</leader>
  <controlfield tag="001">102794</controlfield>
  <controlfield tag="003">ES-MaACL</controlfield>
  <controlfield tag="005">20260202063017.0</controlfield>
  <controlfield tag="007">t|</controlfield>
  <controlfield tag="008">051207s1826    fr           ||||1| fre d</controlfield>
  <datafield tag="080" ind1=" " ind2=" ">
    <subfield code="a">81'286(084.4)</subfield>
  </datafield>
  <datafield tag="100" ind1="1" ind2=" ">
    <subfield code="a">Balbi, Adriano, </subfield>
    <subfield code="d">1782-1848</subfield>
    <subfield code="9">24843</subfield>
  </datafield>
  <datafield tag="245" ind1="1" ind2="0">
    <subfield code="a">Atlas ethnographique du globe </subfield>
    <subfield code="b">:  ou Classification des peuples anciens et modernes d'apr&#xE8;s leurs langues ; pr&#xE9;ced&#xE9; d'un Discours sur l'utilit&#xE9; et l'importance de l'&#xE9;tude des langues appliqu&#xE9;e a plusieurs branchez des connaissances humaines ; d'un Aper&#xE7;u sur les moyens graphiques employ&#xE9;s par les diff&#xE9;rens peuples de la terre ; d'un Coup-d'oeil sur l'histoire de la langue slave, et sur la marche progressive de la civilisation et de la litt&#xE9;rature en Russie, avec environ sept cents vocabulaires es principaux idiomes connus, et suivi du Tableau physique, moral et politique des cinq parties du monde... / </subfield>
    <subfield code="c">par Adrien Balbi.</subfield>
  </datafield>
  <datafield tag="260" ind1=" " ind2=" ">
    <subfield code="a">A Paris : </subfield>
    <subfield code="b">chez Rey et Gravier..., </subfield>
    <subfield code="c">1826 (</subfield>
    <subfield code="e">imprim&#xE9; chez Paul Renouard)</subfield>
  </datafield>
  <datafield tag="300" ind1=" " ind2=" ">
    <subfield code="a">[10] p., [62] h., [10] p. ; </subfield>
    <subfield code="c">49 cm.</subfield>
  </datafield>
  <datafield tag="500" ind1=" " ind2=" ">
    <subfield code="a">&#xCD;ndice.</subfield>
  </datafield>
  <datafield tag="500" ind1=" " ind2=" ">
    <subfield code="a">Port. con esc. imperial.</subfield>
  </datafield>
  <datafield tag="650" ind1="1" ind2="4">
    <subfield code="a">Geograf&#xED;a ling&#xFC;&#xED;stica-</subfield>
    <subfield code="v">Atlas.</subfield>
    <subfield code="9">13081</subfield>
  </datafield>
  <datafield tag="852" ind1=" " ind2=" ">
    <subfield code="a">ES-MaACL</subfield>
    <subfield code="j">GF-14</subfield>
  </datafield>
  <datafield tag="999" ind1=" " ind2=" ">
    <subfield code="c">102794</subfield>
    <subfield code="d">102794</subfield>
  </datafield>
  <datafield tag="952" ind1=" " ind2=" ">
    <subfield code="0">0</subfield>
    <subfield code="1">0</subfield>
    <subfield code="4">0</subfield>
    <subfield code="7">0</subfield>
    <subfield code="8">LIBXIX</subfield>
    <subfield code="a">ATENEOM</subfield>
    <subfield code="b">ATENEOM</subfield>
    <subfield code="c">DEPO2</subfield>
    <subfield code="d">2008-01-17</subfield>
    <subfield code="e">SC</subfield>
    <subfield code="l">0</subfield>
    <subfield code="o">GF-14</subfield>
    <subfield code="p">1107304</subfield>
    <subfield code="r">2023-02-23 00:00:00</subfield>
    <subfield code="w">2023-02-23</subfield>
    <subfield code="y">MONANT</subfield>
  </datafield>
</record>
